000 00299nam a2200109Ia 4500
008 200302s9999 xx 000 0 und d
100 _aAurora fernamdez per
245 _aDesign Techniques Solid Harvard smposia on architecture
260 _bA+T Architecture Publisher
260 _c2015
300 _a157
999 _c6562
_d6562